Beyond the last village : (Record no. 1462)

000 -LEADER
fixed length control field 01433nam a22003857a 4500
001 - CONTROL NUMBER
control field 12453841
003 - CONTROL NUMBER IDENTIFIER
control field OSt
005 - DATE AND TIME OF LATEST TRANSACTION
control field 20210426063841.0
008 - FIXED-LENGTH DATA ELEMENTS--GENERAL INFORMATION
fixed length control field 010627s2001 dcuabf b 001 0 eng
010 ## - LIBRARY OF CONGRESS CONTROL NUMBER
LC control number 2001003906
020 ## - INTERNATIONAL STANDARD BOOK NUMBER
International Standard Book Number 1559637994 (alk. paper)
040 ## - CATALOGING SOURCE
Original cataloging agency DLC
Transcribing agency DLC
Modifying agency DLC
Language of cataloging eng
041 ## - LANGUAGE CODE
Language code of text/sound track or separate title eng
042 ## - AUTHENTICATION CODE
Authentication code pcc
043 ## - GEOGRAPHIC AREA CODE
Geographic area code a-br---
050 00 - LIBRARY OF CONGRESS CALL NUMBER
Classification number QL84.5.B93
Item number R33 2001
080 ## - UNIVERSAL DECIMAL CLASSIFICATION NUMBER
Universal Decimal Classification number 577.4
Item number R-11
082 00 - DEWEY DECIMAL CLASSIFICATION NUMBER
Classification number 333.95/416/09591
-- B
Edition number 21
100 1# - MAIN ENTRY--PERSONAL NAME
Personal name Rabinowitz, Alan,
Dates associated with a name 1953-2018.
245 10 - TITLE STATEMENT
Title Beyond the last village :
Remainder of title a journey of discovery in Asia's forbidden wilderness /
Statement of responsibility, etc. / by: Island Press/Shearwater Books
260 ## - PUBLICATION, DISTRIBUTION, ETC.
Place of publication, distribution, etc. Washington, DC
Name of publisher, distributor, etc. Island Press/Shearwater Books
Date of publication, distribution, etc. c2001.
300 ## - PHYSICAL DESCRIPTION
Extent xvi, 300 p., [16] p. of plates
Other physical details icol. ill., maps
Dimensions 24 cm.
365 ## - TRADE PRICE
Price amount 17.50 usd
504 ## - BIBLIOGRAPHY, ETC. NOTE
Bibliography, etc. note Includes bibliographical references (p. 283-289) and index.
600 10 - SUBJECT ADDED ENTRY--PERSONAL NAME
Personal name Rabinowitz, Alan,
Dates associated with a name 1953-2018
General subdivision Travel
Geographic subdivision Burma.
650 #0 - SUBJECT ADDED ENTRY--TOPICAL TERM
Topical term or geographic name entry element Wildlife conservation
Geographic subdivision Burma.
650 #0 - SUBJECT ADDED ENTRY--TOPICAL TERM
Topical term or geographic name entry element Ecology
9 (RLIN) 690
650 #0 - SUBJECT ADDED ENTRY--TOPICAL TERM
Topical term or geographic name entry element Animals
Geographic subdivision Burma.
651 #0 - SUBJECT ADDED ENTRY--GEOGRAPHIC NAME
Geographic name Burma
General subdivision Description and travel.
653 ## - INDEX TERM--UNCONTROLLED
Uncontrolled term ეკოლოგია
856 42 - ELECTRONIC LOCATION AND ACCESS
Materials specified Publisher description
Uniform Resource Identifier <a href="http://www.loc.gov/catdir/enhancements/fy0666/2001003906-d.html">http://www.loc.gov/catdir/enhancements/fy0666/2001003906-d.html</a>
906 ## - LOCAL DATA ELEMENT F, LDF (RLIN)
a 7
b cbc
c orignew
d 1
e ecip
f 20
g y-gencatlg
942 ## - ADDED ENTRY ELEMENTS (KOHA)
Source of classification or shelving scheme
Koha item type Books
Holdings
Withdrawn status Lost status Source of classification or shelving scheme Damaged status Not for loan Permanent location Current location Date acquired Inventory number Total Checkouts Full call number Barcode Date last seen Price effective from Koha item type
          Ken Walker International University Ken Walker International University 02/16/2021 1334   577.4 R-11 1334 02/16/2021 02/16/2021 Books

Powered by Koha